00926nam a2200229 a 450000100060000000300080000600500170001400800410003103500190007204000260009104100080011708200210012510000560014624500470020226000590024930000190030850001020032785600910042994200120052099900170053295201470054918160BD-RJUL20211209000239.0140219s19501912ie 000 0 eng d a(BD-RjUL)18218 aBD-RjULbengcBD-RjUL aeng a810.08bSYP 19501 aSynge, J. M.q(John Millington),d1871-1909.95592410aPoems and translations /cby John M. Synge aDublin :aLondon :bMaunsel,cc1912 [reprinting 1950] a50 p. ;c18 cm a"Reprinted with additions (Collected works of J.M. Synge) 1910. Library edition 1911"--T.p. verso413Bodleian Library 3967 f.33uhttp://purl.ox.ac.uk/uuid/aa0afcf26a4349ec97c095e63ee58c1d 2ddccBK c18160d18160 00102ddc40718FICaRUCLbRUCLcReadingd1968-06-26eSweets & Zeitlingerg5.00l0o810.08 SYP 1950r2014-02-19 00:00:00tC-1w2014-02-19yBK